LEADER 01070nam a2200253 i 4500 001 000000149162 003 CaOOAMICUS 005 20060719000000.0 008 060719s2003 it u000 u ita u 013 $a126480 040 $aSeMil$bita 100 1 $aMalnati, Ettore,$d<1945- >.$0(OLS)http://semarc/name/3870 240 00$aEcclesia de Eucharistia.$0(OLS)http://semarc/title/218050 245 10$aEcclesia de Eucharistia :$briflessione teologico-pastorale /$cEttore Malnati. - 2003 (Trieste : Tip. Adriatica) 260 $a[S.l. :$bs.n.],$c2003$e(Trieste :$fTip. Adriatica,$g2003) 300 $a39 p. ;$c21 cm. 500 $aDono del Card. Dionigi Tettamanzi. 650 4$aEucaristia - Pastorale.$0(OLS)http://semarc/subject/22494 850 $aSeMil 852 $aSeMil$W1$xVenegono$y1$m5D V 15/13$j101462$B101462$CSeMilBibl$Z2$F112979 $81 941 1 $a5 961 $aRecupero: Altro 996 $6245$aEcclesia de Eucharistia :$briflessione teologico-pastorale$9(OLS)http://semarc/title/218051 996 $6260$a[S.l. :$bs.n.]$9(OLS)http://semarc/publisher/29751 LEADER 01832nam a2200337 i 4500 001 000000191430 003 CaOOAMICUS 005 20250429102707.0 008 100803s2010 be u000 u lat u 013 $a169976 020 $a978-2-503-53347-6 040 $aSeMil$bita 100 0 $aHerimannus : Tornacensis,$d<1090?-1147>.$0(OLS)http://semarc/name/112525 240 10$aLiber de restauratione ecclesiae sancti Martini Tornacensis.$0(OLS)http://semarc/title/275832 245 10$aLiber de restauratione ecclesie [sic] sancti Martini Tornacensis /$cHerimannus abbas ; édition critique par R.B.C. Huygens. 246 01$aLa restauration de l'abbaye de Saint-Martin 264 1$aTurnhout :$bBrepols,$c2010. 300 $a233 p. ;$c26 cm. 546 $aTesto latino, introduzione e commentario in francese 650 4$aBelgio - Storia religiosa.$0(OLS)http://semarc/subject/9369 700 1 $aHuygens, Robert Burchard Constantijn,$d<1931- >.$0(OLS)http://semarc/name/3603 767 0 $aHerimannus : Tornacensis <1090?-1147>$tRestauration du monastère Saint-Martin de Tournai.$dTurnhout : Brepols, 2019.$kCorpus christianorum in translation$z978-2-503-58059-3$w()343127 830 0$aCorpus Christianorum. Continuatio Mediaevalis ;$v236.$0(OLS)http://semarc/title/35 850 $aSeMil 852 $aSeMil$W1$xVenegono$y1$mSL2.G CC.CM 236$j256301$B142044$CSeMilBibl$Z2$F153605 $8I 961 $aSottoscrizione: Brepols 996 $6020$a978-2-503-53347-6$9(OLS)http://semarc/number/182515 996 $6245$aLiber de restauratione ecclesie [sic] sancti Martini Tornacensis$9(OLS)http://semarc/title/275831 996 $6246$aLa restauration de l'abbaye de Saint-Martin$9(OLS)http://semarc/title/409193 996 $6264$aTurnhout :$bBrepols$9(OLS)http://semarc/publisher/29626